000 00816nji a22002297a 4500
005 20100907160546.0
006 a|||||r|||||00| 0
007 sd ammalaaahaa
008 100830t xxu||||| |||| 00| 0 eng d
028 _aDB.4667
_bColumbia
035 _aGR-01076
040 _aSED
_cSED
100 _917455
_aRichard, Cliff
245 _aNow's the time to fall in love /
_cby Cliff Richard and the Shadows
_h[sound recording] :
260 _aIndia
_bColumbia
300 _a1 sound disc [Gramophone Recording]:
_banalog, 33 1/3 rpm
_c9.5 in. (MP)
_fGramophone Record
500 _aBrief Record
505 _aSide-2 (A girl like you) (Cliff Richard)
650 _aClassical Music
_zIndia
_91186
_xExcerpts
942 _2ddc
_cGR
999 _c44328
_d44328